Ergonomická analýza a návrh riešenia priestorových pomerov pracovísk vo vybranej prevádzke podniku SLOVPUMP-TRADE, s.r.o., Závadka nad Hronom : Diplomová práca

Saved in:
Bibliographic Details
Main Author: Tešlárová, Valéria (Author)
Other Authors: Hatiar, Karol, 1949- (xxx)
Format: Manuscript Book
Language:Slovak
Published: Trnava : STU v Bratislave MTF UPMK, 2008
Subjects:
Tags: Add Tag
No Tags, Be the first to tag this record!

MARC

LEADER 00000ntm a22000003a 4500
001 stu167226
005 20160719160013.1
008 080723s2008----xo------------------slo-d
040 |a STU  |b slo 
041 0 |a slo 
044 |a xo 
100 1 |a Tešlárová, Valéria  |4 aut 
245 1 |a Ergonomická analýza a návrh riešenia priestorových pomerov pracovísk vo vybranej prevádzke podniku SLOVPUMP-TRADE, s.r.o., Závadka nad Hronom :  |b Diplomová práca 
260 |a Trnava :  |b STU v Bratislave MTF UPMK,  |c 2008 
300 |a 83 s  |c príl (1 CD-ROM) 
500 |a Študijný program: priemyselné manažérstvo 
500 |a Študijný odbor: 5.2.52 priemyselné inžinierstvo 
650 7 |a ergonomická analýza  |2 stusub 
700 1 |a Hatiar, Karol,  |d 1949-  |4 xxx  |u M4000  |U MTF Materiálovotechnologická fakulta  |T MTF Ústav priemyselného inžinierstva a manažmentu  |X 326  |U M4000  |Y 84  |7 A000000326 
996 |b 284M068136  |c M*DP-7408  |l MMSKP  |s P  |a 0  |w stu167226_0001